Norse Mythology -1 - Statistics

General Stats
  • This quiz has been taken 74 times
  • The average score is 7 of 10
Answer Stats
Hint Answer % Correct
God of MISCHIEF, TRICKEY AND DECEPTION Loki
100%
God of all GODS Odin
100%
God of THUNDER Thor
98%
Guard and protector of the RAINBOW BRIDGE Heimdall
92%
Goddess of MAGIC Freya
85%
God of LAW and JUSTICE Tyr
69%
Goddess of FORESIGHT AND WISDOM Frigg
58%
God of FERTILITY Freyr
56%
Father of Odin Borr
41%
Goddess of WATER Atla
2%
No matching quizzes found
Score Distribution
Percent of People with Each Score
Percentile by Number Answered
Your Score History
You have not taken this quiz